000 01416nam2a2200253 4500
001 RU\NLR\BIBL_A\012800068
005 20250624162749.0
035 _a(NLR Aleph) 012800068
090 _a13180217
_c13180217
100 _a20220525j19300611|||y0rusy50 ca
101 0 _arus
102 _aRU
135 _acrgn 008anaba
200 0 _a1930, № 4 (11 июня)
210 _d1930
_aБ. м.
325 1 _aКопия доступна в электронной библиотеке РНБ
461 0 _1001RU\NLR\BIBL_A\012644003
_12001#$aСплошняк за Ильменем$eеженед. газ. колхозников Подгощского, Медведского, Волотовского и Солецкого районов$fОтв. ред. Вахлаков$v1930, № 4 (11 июня)
_912705071
_cПодгощи
_d1930
_fОтв. ред. Вахлаков
_oеженед. газ. колхозников Подгощского, Медведского, Волотовского и Солецкого районов
_tСплошняк за Ильменем
_v1930, № 4 (11 июня)
852 _aNLR
_jР2/4949
901 _eГазеты
942 _cISSNP
980 _aNB
981 2 7 _a(27) Периодические издания
_b(27) Газеты